ARRUPE JESUIT UNIVERSITY

CORONAVIRUS -STOP THE SPREAD - CLEAN,DISINFECT,COVER

Physics from fisher information (Record no. 122287)

MARC details
000 -LEADER
fixed length control field 00554nam a22001697a 4500
008 - FIXED-LENGTH DATA ELEMENTS--GENERAL INFORMATION
fixed length control field 150306b xxu||||| |||| 00| 0 eng d
020 ## - INTERNATIONAL STANDARD BOOK NUMBER
International Standard Book Number 9780521631679
050 ## - LIBRARY OF CONGRESS CALL NUMBER
Classification number QC39.F75 1998
100 ## - MAIN ENTRY--PERSONAL NAME
Personal name Frieden, Roy B.
9 (RLIN) 15838
245 ## - TITLE STATEMENT
Title Physics from fisher information
Remainder of title a unification
Statement of responsibility, etc /by B. Roy Frieden
260 ## - PUBLICATION, DISTRIBUTION, ETC. (IMPRINT)
Place of publication, distribution, etc Cambridge
Name of publisher, distributor, etc Cambridge University Press
Date of publication, distribution, etc 1998
300 ## - PHYSICAL DESCRIPTION
Extent ix, 318p.
Dimensions 26cm.
650 ## - SUBJECT ADDED ENTRY--TOPICAL TERM
Topical term or geographic name as entry element Physical measurements
9 (RLIN) 15396
650 ## - SUBJECT ADDED ENTRY--TOPICAL TERM
Topical term or geographic name as entry element Information theory
9 (RLIN) 14003
650 ## - SUBJECT ADDED ENTRY--TOPICAL TERM
Topical term or geographic name as entry element Physics
General subdivision Methodology
9 (RLIN) 15839
942 ## - ADDED ENTRY ELEMENTS (KOHA)
Source of classification or shelving scheme Library of Congress Classification
Item type Monograph ( Printed materials)
Holdings
Withdrawn status Lost status Source of classification or shelving scheme Damaged status Not for loan Collection code Home library Current library Shelving location Date acquired Total Checkouts Full call number Barcode Date last seen Price effective from Koha item type
    Library of Congress Classification     Main Collection ARRUPE LIBRARY ARRUPE LIBRARY Main Collection 06/03/2015   QC39.F75 1998 46500002789 02/07/2019 06/03/2015 Monograph ( Printed materials)

 

Arrupe Library. PO Box MP320 Mt Pleasant, Harare, Zimbabwe
263 242 745411|librarian@aju.ac.zw